000 00357nam a2200133Ia 4500
008 211109s9999||||xx |||||||||||||| ||und||
082 _a920.02
_bROL-M
100 _aRolland, Romain
245 0 _aMahatma Gandhi
260 _bMathrubhoomi
_aCalicut
_c1986
630 _xGeneral Stack
650 _aBIOGRAPHY/ AUTOBIOGRAPHY
_vHISTORY
_xGeneralia
942 _cBOOK
999 _c17952
_d17952